000 00831nas a2200229 4500
001 BR9601966
003 BR-BrBNA
005 20231205095745.0
007 ta
008 230509b bl.|||p| |||| 00| 00por d
040 _aBR-BrBNA
_bpor
_cBiblioteca Nacional de Agricultura
041 _a(Pt)
072 _aF60
100 1 _aVaranda, E.M.
245 1 _aBalanco hidrico de especies de mata secundaria semidecidua - 2. Endlicheria paniculata (Sprend.)macbride (Lauraceae), protium widgrenii engler (Burseraceae)e sorocea bonplandii (Baill.)burger, lanj. boer (Moraceae)
650 _aLauraceae
650 _aTranspiracao Vegetal
650 _aBalanco Hidrico
773 0 _tBoletim de Botanica (Brazil)
_xISSN 0302-2439
_g(1995), v. 14 p. 81-89
_wBR9601966
909 _a202311
_bLúcia
_c55
_dLúcia Elande
942 _2AGRIS
_n0
_cANA
999 _c152539
_d152539